000 nam a22 7a 4500
999 _c9122
_d9122
008 180123b ||||| |||| 00| 0 eng d
100 _aDorling Kindersley
_95398
245 _aDorling Kindersley Dictionary
260 _aLondon
_bD K L
_c2009